|
|
|
|
| LEADER |
00000naa2a2200000 4500 |
| 001 |
148038 |
| 005 |
20240407064712.0 |
| 035 |
|
|
|a (RuTPU)RU\TPU\book\160470
|
| 090 |
|
|
|a 148038
|
| 100 |
|
|
|a 20081125d2008 k y0rusy50 ca
|
| 101 |
0 |
|
|a rus
|
| 102 |
|
|
|a RU
|
| 200 |
1 |
|
|a Исследование переходных сопротивлений сильноточных контактных соединений
|f Н. А. Касмалиев, Б. К. Калдашев, А. Я. Пак
|g науч. рук. А. А. Сивков
|
| 320 |
|
|
|a Библиогр.: 4 назв.
|
| 461 |
|
1 |
|0 (RuTPU)RU\TPU\book\156858
|t Современные техника и технологии
|o 14 Международная научно-практическая конференция студентов, аспирантов и молодых ученых, г. Томск, 24-28 марта 2008 г.
|o труды
|o в 3 т.
|f Томский политехнический университет (ТПУ)
|d 2008
|
| 463 |
|
0 |
|0 (RuTPU)RU\TPU\book\155176
|t Т. 1
|v С. 44-46
|d 2008
|p 538 с.
|
| 610 |
1 |
|
|a контактные соединения
|
| 610 |
1 |
|
|a переходные сопротивления
|
| 610 |
1 |
|
|a генераторы
|
| 610 |
1 |
|
|a импульсы
|
| 610 |
1 |
|
|a сильноточные соединения
|
| 610 |
1 |
|
|a медные покрытия
|
| 610 |
1 |
|
|a электроэрозионная плазма
|
| 610 |
1 |
|
|a нанесение
|
| 610 |
1 |
|
|a переходные контактные сопротивления
|
| 610 |
1 |
|
|a электрические схемы
|
| 610 |
1 |
|
|a труды учёных ТПУ
|
| 700 |
|
1 |
|a Касмалиев
|b Н. А.
|
| 701 |
|
1 |
|a Калдашев
|b Б. К.
|
| 701 |
|
1 |
|a Пак
|b А. Я.
|c специалист в области электротехники
|c профессор Томского политехнического университета, доктор технических наук
|f 1986-
|g Александр Яковлевич
|y Томск
|3 (RuTPU)RU\TPU\pers\30051
|9 14481
|
| 702 |
|
1 |
|a Сивков
|b А. А.
|4 727
|
| 801 |
|
1 |
|a RU
|b 63413507
|c 20081125
|g PSBO
|
| 801 |
|
2 |
|a RU
|b 63413507
|c 20180913
|g RCR
|
| 942 |
|
|
|c BK
|